| 000 | 00479nam a22001817a 4500 | ||
|---|---|---|---|
| 001 | 00028309 | ||
| 005 | 20260226135512.0 | ||
| 008 | 260225b ag ||||| |||| 00| 0 spa d | ||
| 020 | _a9582807687 | ||
| 040 |
_bspa _cAR-CcCEOS |
||
| 080 | _aR030 | ||
| 090 | _bENC | ||
| 245 |
_aEnciclopedia tematica : _bGuinness |
||
| 260 |
_aSanta Fé de Bogota : _bPrinter Latinoamericana, _cc1995. |
||
| 300 |
_a760 p. ; _c28x25 cm. |
||
| 650 | 0 | _aenciclopedia tematica | |
| 942 |
_2udc _cBK |
||
| 999 |
_c28327 _d28327 |
||
| 945 |
_c66467 _dMelina Rolando |
||